|
|
|
|
| LEADER |
01081nam a2200277 a 4500 |
| 001 |
2999241 |
| 008 |
121010s2008 sp a 000 0 eng d |
| 999 |
|
|
|c 12907
|d 12907
|
| 020 |
|
|
|a 9788496540798
|
| 020 |
|
|
|a 8496540790
|
| 040 |
|
|
|a BD-DhAAL
|c BD-DhAAL
|
| 082 |
0 |
0 |
|a 720
|2 22
|
| 245 |
0 |
0 |
|a From control to design :
|b parametric/algorithmic architecture /
|c edited by Tomoko Sakamoto, Albert Ferré
|
| 260 |
|
|
|a Barcelona ;
|a New York :
|b Actar-D,
|c 2008
|
| 300 |
|
|
|a 239 p. :
|b ill. (chiefly col.) ;
|c 25 cm.
|
| 500 |
|
|
|a Title from cover.
|
| 500 |
|
|
|a Statement of responsibilty from colophon.
|
| 526 |
|
|
|a ARC
|
| 541 |
1 |
|
|e 00026029
|
| 650 |
|
0 |
|a Architectural design
|x Technological innovations.
|9 32412
|
| 650 |
|
0 |
|a Computer-aided design
|9 32413
|
| 700 |
1 |
|
|a Sakamoto, Tomoko.
|9 32414
|
| 700 |
1 |
|
|a Ferré, Albert.
|9 32415
|
| 852 |
1 |
|
|a Ayesha Abed Library
|j General shelf
|
| 942 |
0 |
0 |
|0 1
|2 ddc
|c BK
|
| 952 |
|
|
|0 0
|1 0
|4 0
|6 720_000000000000000_FRO
|7 0
|9 21302
|a BRACUL
|b BRACUL
|c GEN
|d 2012-10-10
|e Trim Education
|g 3550.00
|l 10
|m 71
|o 720 FRO
|p 3010026029
|r 2022-05-17
|s 2019-12-21
|t 1
|w 2012-10-10
|y BK
|